MARC

Tag First Indicator Second Indicator Subfields
LEADER 00000cam a2200000 i 4500
001 in00000176421
005 20231020195132.0
008 791219s1964 pl a b f000 0 eng d
035 |a (OCoLC)05814111 
035 |9 AAU6658AM 
040 |a TXA  |c TXA  |d UtOrBLW 
041 1 |a eng  |a pol 
049 |a TXAM  |c [1557471] 
090 |a TJ898  |b .S44 
100 1 |a Borecki, M.  |q (Marcin) 
245 1 0 |a Selected translations on hydraulic transport of coal /  |c M. Borecki [and] T. Radowicki ; translated from Polish by I. Dmowski. 
264 1 |a Warsaw :  |b Published for the Department of the Interior pursuant to an agreement with the National Science Foundation, Washington, D.C., by the Scientific Publications Foreign Cooperation Center of the Central Institute for Scientific, Technical and Economic Information,  |c 1964. 
300 |a 111 pages :  |b illustrations ;  |c 28 cm. 
336 |a text  |b txt  |2 rdacontent 
337 |a unmediated  |b n  |2 rdamedia 
338 |a volume  |b nc  |2 rdacarrier 
490 0 |a Przeglad gorniczy ; no. 10-11, 1959 
500 |a Prace Glownego Instytutu Gornictwa ; ser. A., number 226, 1958. 
500 |a Cover title. 
500 |a "Translated revised reprint from the "Mining Review" and the "Papers of the Main Institute of Mining."." 
500 |a "OTS 61-11356" 
504 |a Bibliography: pages 110-112. 
505 1 |a Borecki, M. and Radowicki, T. Hydraulic transportation of coal using feeder system of the Main Institute of mining. -- Borecki, M. and Radowicki, T. High-pressure hydraulic transportation of coal. 
650 0 |a Hydraulic conveying. 
650 0 |a Coal  |x Transportation. 
700 1 |a Radowicki, Tadeusz. 
999 |a MARS 
999 f f |s efdb7b85-43fb-35ad-87ed-e5a11abe0838  |i 0c32b426-e46b-348c-8521-50871d8030cd  |t 0 
952 f f |p ric  |a Texas A&M University  |b Rellis Campus  |c Joint Library Facility  |d Remote Storage  |t 0  |e TJ898 .S44  |h Library of Congress classification  |i unmediated -- volume  |m A14805446096 
998 f f |a TJ898 .S44  |t 0  |l Remote Storage